[Event "Mitropa Cup Open 2019"]
[Site "Radenci"]
[Date "2019.05.30"]
[Round "4.5"]
[White "Sebenik, Matej"]
[Black "Jovanic, Ognjen"]
[Result "1/2-1/2"]
[WhiteElo "2522"]
[BlackElo "2511"]
[Annotator "RC"]
[PlyCount "89"]
[EventDate "2019.05.27"]
[EventType "team-tourn"]
[EventCountry "SLO"]
[SourceTitle "playchess.com"]
[Source "ChessBase"]
[SourceQuality "1"]
[WhiteTeam "Slovenia"]
[BlackTeam "Croatia"]
[WhiteTeamCountry "SLO"]
[BlackTeamCountry "CRO"]
[TimeControl "40/5400+30:1800+30"]

1. d4 {[%emt 0:00:00]} d5 {[%emt 0:00:00]} 2. c4 {[%emt 0:00:00]} c6 {[%emt 0:00:00]} 3. Nc3 {[%emt 0:00:16]} Nf6 {[%emt 0:01:17]} 4. e3 {[%emt 0:00:12]} a6 {[%emt 0:00:50]} 5. Nf3 {[%emt 0:00:25]} Bf5 {[%emt 0:00:39]} 6. Ne5 {[%emt 0:02:16]} Nbd7 {[%emt 0:01:33]} 7. Qb3 {[%emt 0:01:08]} Qc7 {[%emt 0:00:23]} 8. cxd5 {[%emt 0:01:00]} Nxe5 {[%emt 0:01:18]} 9. dxe5 {[%emt 0:00:07]} Nxd5 {[%emt 0:00:12]} 10. Nxd5 {[%emt 0:00:31]} cxd5 {[%emt 0:00:09]} 11. Bd2 {[%emt 0:00:06]} Qxe5 {[%emt 0:02:32]} 12. Rc1 {[%emt 0:02:11]} Bd7 {[%emt 0:00:59]} 13. Qb6 {[%emt 0:17:48]} e6 {[%emt 0:03:56]} 14. Rc7 {[%emt 0:09:02]} Bc8 {[%emt 0:19:04]} 15. Bxa6 {[%emt 0:10:51]} Bd6 {[%emt 0:21:59]} 16. Bb5+ {[%emt 0:34:10]} Kf8 {[%emt 0:00:08]} 17. Rc2 {[%emt 0:01:53]} Ke7 {[%emt 0:04:51]} 18. Ke2 {[%emt 0:10:36]} Rd8 {[%emt 0:05:56]} 19. Rhc1 {[%emt 0:03:44]} Bd7 {[%emt 0:03:06]} 20. f4 {[%emt 0:02:28]} Qe4 {[%emt 0:05:45]} 21. Kf2 {[%emt 0:00:03]} Bxb5 {[%emt 0:02:01]} 22. Qxb5 {[%emt 0:00:04]} Rd7 {[%emt 0:00:08]} 23. a3 {[%emt 0:01:02]} g5 {[%emt 0:06:07]} 24. fxg5 {[%emt 0:01:13]} Qh4+ {[%emt 0:04:22]} 25. Kf1 {[%emt 0:00:04]} Qxh2 {[%emt 0:00:08]} 26. Bb4 {[%emt 0:00:12]} Qh1+ {[%emt 0:01:37]} 27. Kf2 {[%emt 0:00:02]} Qh4+ {[%emt 0:00:10]} 28. Kg1 {[%emt 0:01:53]} Qh2+ {[%emt 0:03:24]} 29. Kf1 {[%emt 0:00:05]} Qh1+ {[%emt 0:00:06]} 30. Kf2 {[%emt 0:00:02]} Qh4+ {[%emt 0:00:06]} 31. Kg1 {[%emt 0:00:24]} Bxb4 {[%emt 0:00:34]} 32. axb4 {[%emt 0:00:04]} Qxg5 {[%emt 0:00:26]} 33. Qc5+ {[%emt 0:00:06]} Kf6 {[%emt 0:02:18]} 34. b5 {[%emt 0:00:10]} Kg7 {[%emt 0:02:00]} 35. b6 {[%emt 0:00:27]} Rad8 {[%emt 0:01:15]} 36. Rc3 {[%emt 0:02:34]} h6 {[%emt 0:01:01]} 37. Rf1 {[%emt 0:00:44]} f5 {[%emt 0:04:08]} 38. Qd4+ {[%emt 0:00:05]} Qf6 {[%emt 0:00:20]} 39. Qf4 {[%emt 0:00:07]} d4 {[%emt 0:00:44]} 40. Rc7 {[%emt 0:00:00]} d3 {[%emt 0:00:00]} 41. Qd6 {[%emt 0:06:44]} Qf7 {[%emt 0:05:24]} 42. Qe5+ {[%emt 0:00:35]} Qf6 {[%emt 0:10:03]} 43. Qd6 {[%emt 0:00:05]} Qf7 {[%emt 0:00:05]} 44. Qe5+ {[%emt 0:00:03]} Qf6 {[%emt 0:00:04]} 45. Qd6 {[%emt 0:00:21]} 1/2-1/2

[Event "Mitropa Cup Open 2019"]
[Site "Radenci"]
[Date "2019.05.30"]
[Round "4.6"]
[White "Kovacevic, Blazimir"]
[Black "Markoja, Boris"]
[Result "1-0"]
[WhiteElo "2456"]
[BlackElo "2441"]
[Annotator "ChessBase"]
[PlyCount "61"]
[EventDate "2019.05.27"]
[EventType "team-tourn"]
[EventCountry "SLO"]
[SourceTitle "playchess.com"]
[Source "ChessBase"]
[SourceQuality "1"]
[WhiteTeam "Croatia"]
[BlackTeam "Slovenia"]
[WhiteTeamCountry "CRO"]
[BlackTeamCountry "SLO"]
[TimeControl "40/5400+30:1800+30"]

1. c4 {[%emt 0:00:00]} c5 {[%emt 0:00:00]} 2. g3 {[%emt 0:00:22]} g6 {[%emt 0:00:00]} 3. Bg2 {[%emt 0:00:04]} Bg7 {[%emt 0:00:02]} 4. Nc3 {[%emt 0:00:06]} Nc6 {[%emt 0:00:18]} 5. b3 {[%emt 0:00:06]} d6 {[%emt 0:02:46]} 6. Bb2 {[%emt 0:00:14]} e5 {[%emt 0:01:53]} 7. e3 {[%emt 0:00:13]} Nge7 {[%emt 0:00:37]} 8. Nge2 {[%emt 0:00:09]} O-O {[%emt 0:01:57]} 9. d3 {[%emt 0:00:56]} Bf5 {[%emt 0:03:19]} 10. Qd2 {[%emt 0:02:12]} Qd7 {[%emt 0:11:36]} 11. h4 {[%emt 0:03:29]} h5 {[%emt 0:10:07]} 12. Ne4 {[%emt 0:15:09]} f6 {[%emt 0:04:14]} 13. O-O {[%emt 0:18:12]} Rad8 {[%emt 0:04:50]} 14. Kh2 {[%emt 0:04:36]} b6 {[%emt 0:04:11]} 15. N4c3 {[%emt 0:04:36]} Bh6 {[%emt 0:02:41]} 16. f4 {[%emt 0:07:05]} g5 {[%emt 0:14:39]} 17. fxg5 {[%emt 0:05:12]} fxg5 {[%emt 0:00:10]} 18. e4 {[%emt 0:00:06]} Bg4 {[%emt 0:00:20]} 19. hxg5 {[%emt 0:00:52]} Bg7 {[%emt 0:00:07]} 20. Nd5 {[%emt 0:09:36]} Nxd5 {[%emt 0:01:29]} 21. exd5 {[%emt 0:00:13]} Nd4 {[%emt 0:00:46]} 22. Ng1 {[%emt 0:07:42]} e4 {[%emt 0:09:05]} 23. Bxe4 {[%emt 0:00:18]} Be5 {[%emt 0:00:34]} 24. g6 {[%emt 0:09:20]} h4 {[%emt 0:00:56]} 25. Rf7 {[%emt 0:02:30]} hxg3+ {[%emt 0:07:32]} 26. Kg2 {[%emt 0:00:06]} Rxf7 {[%emt 0:01:41]} 27. gxf7+ {[%emt 0:00:05]} Kf8 {[%emt 0:00:02]} 28. Qg5 {[%emt 0:03:24]} Bg7 {[%emt 0:02:11]} 29. Rf1 {[%emt 0:02:54]} Rb8 {[%emt 0:00:29]} 30. Bxd4 {[%emt 0:01:35]} cxd4 {[%emt 0:00:11]} 31. Qg6 {[%emt 0:01:15]} 1-0

[Event "Mitropa Cup Open 2019"]
[Site "Radenci"]
[Date "2019.05.30"]
[Round "4.7"]
[White "Janzelj, Tim"]
[Black "Tica, Sven"]
[Result "1-0"]
[WhiteElo "2384"]
[BlackElo "2417"]
[Annotator "ChessBase"]
[PlyCount "85"]
[EventDate "2019.05.27"]
[EventType "team-tourn"]
[EventCountry "SLO"]
[SourceTitle "playchess.com"]
[Source "ChessBase"]
[SourceQuality "1"]
[WhiteTeam "SLO"]
[BlackTeam "CRO"]
[BlackTeamCountry "CRO"]
[TimeControl "40/5400+30:1800+30"]

1. Nf3 {[%emt 0:00:00]} Nf6 {[%emt 0:00:00]} 2. c4 {[%emt 0:00:00]} e6 {[%emt 0:00:00]} 3. g3 {[%emt 0:00:00]} a6 {[%emt 0:00:08]} 4. Bg2 {[%emt 0:01:46]} b5 {[%emt 0:00:09]} 5. b3 {[%emt 0:05:36]} Bb7 {[%emt 0:00:12]} 6. O-O {[%emt 0:00:32]} c5 {[%emt 0:00:16]} 7. Na3 {[%emt 0:06:16]} Qb6 {[%emt 0:00:28]} 8. Bb2 {[%emt 0:01:54]} Be7 {[%emt 0:00:17]} 9. e3 {[%emt 0:00:59]} O-O {[%emt 0:01:40]} 10. Qe2 {[%emt 0:00:27]} b4 {[%emt 0:01:36]} 11. Nc2 {[%emt 0:00:10]} d6 {[%emt 0:01:36]} 12. d3 {[%emt 0:06:01]} Nbd7 {[%emt 0:07:56]} 13. e4 {[%emt 0:00:54]} a5 {[%emt 0:03:36]} 14. a4 {[%emt 0:01:39]} Rad8 {[%emt 0:11:52]} 15. Nd2 {[%emt 0:01:59]} Qc7 {[%emt 0:11:04]} 16. f4 {[%emt 0:02:05]} Ne8 {[%emt 0:02:49]} 17. g4 {[%emt 0:09:56]} Bf6 {[%emt 0:03:28]} 18. Bxf6 {[%emt 0:00:14]} Ndxf6 {[%emt 0:04:01]} 19. g5 {[%emt 0:00:29]} Nd7 {[%emt 0:00:04]} 20. Qh5 {[%emt 0:12:21]} f5 {[%emt 0:07:13]} 21. Rae1 {[%emt 0:07:39]} g6 {[%emt 0:00:57]} 22. Qh3 {[%emt 0:08:06]} Ng7 {[%emt 0:00:59]} 23. exf5 {[%emt 0:01:26]} Bxg2 {[%emt 0:02:08]} 24. Qxg2 {[%emt 0:00:06]} gxf5 {[%emt 0:06:08]} 25. h4 {[%emt 0:02:50]} Rfe8 {[%emt 0:01:38]} 26. Qf3 {[%emt 0:01:57]} Nf8 {[%emt 0:00:31]} 27. h5 {[%emt 0:00:12]} Qf7 {[%emt 0:05:15]} 28. h6 {[%emt 0:00:26]} Nh5 {[%emt 0:00:11]} 29. Ne3 {[%emt 0:03:21]} Qg6 {[%emt 0:06:19]} 30. Ng2 {[%emt 0:05:19]} e5 {[%emt 0:02:50]} 31. Nh4 {[%emt 0:03:56]} Qf7 {[%emt 0:00:06]} 32. fxe5 {[%emt 0:00:10]} dxe5 {[%emt 0:00:06]} 33. Ne4 {[%emt 0:03:21]} Kh8 {[%emt 0:06:53]} 34. Nxf5 {[%emt 0:02:19]} Re6 {[%emt 0:00:51]} 35. Nfd6 {[%emt 0:03:39]} Qxf3 {[%emt 0:02:19]} 36. Rxf3 {[%emt 0:00:02]} Kg8 {[%emt 0:00:12]} 37. Nb7 {[%emt 0:00:16]} Rc8 {[%emt 0:00:07]} 38. Nbxc5 {[%emt 0:01:37]} Rg6 {[%emt 0:00:50]} 39. Rf5 {[%emt 0:02:36]} Rgc6 {[%emt 0:04:16]} 40. Rxe5 {[%emt 0:00:00]} Ng6 {[%emt 0:00:00]} 41. Rf5 {[%emt 0:03:02]} Nh4 {[%emt 0:01:07]} 42. Rf2 {[%emt 0:00:17]} Re8 {[%emt 0:00:15]} 43. Ref1 {[%emt 0:04:40]} 1-0

[Event "Mitropa Cup Open 2019"]
[Site "Radenci"]
[Date "2019.05.30"]
[Round "4.8"]
[White "Srbis, Jurica"]
[Black "Subelj, Jan"]
[Result "0-1"]
[WhiteElo "2429"]
[BlackElo "2407"]
[Annotator "ChessBase"]
[PlyCount "76"]
[EventDate "2019.05.27"]
[EventType "team-tourn"]
[EventCountry "SLO"]
[SourceTitle "playchess.com"]
[Source "ChessBase"]
[SourceQuality "1"]
[WhiteTeam "Croatia"]
[BlackTeam "Slovenia"]
[WhiteTeamCountry "CRO"]
[BlackTeamCountry "SLO"]
[TimeControl "40/5400+30:1800+30"]

1. e4 {[%emt 0:00:00]} e5 {[%emt 0:00:08]} 2. Nf3 {[%emt 0:00:00]} Nc6 {[%emt 0:00:42]} 3. Bb5 {[%emt 0:00:17]} a6 {[%emt 0:00:39]} 4. Ba4 {[%emt 0:00:06]} Nf6 {[%emt 0:00:28]} 5. O-O {[%emt 0:00:37]} Be7 {[%emt 0:00:42]} 6. Re1 {[%emt 0:00:22]} b5 {[%emt 0:00:24]} 7. Bb3 {[%emt 0:00:06]} d6 {[%emt 0:00:34]} 8. c3 {[%emt 0:00:27]} O-O {[%emt 0:00:18]} 9. h3 {[%emt 0:00:13]} Nb8 {[%emt 0:01:15]} 10. d3 {[%emt 0:08:43]} Nbd7 {[%emt 0:00:32]} 11. Nbd2 {[%emt 0:01:41]} Bb7 {[%emt 0:02:57]} 12. Nf1 {[%emt 0:00:19]} Nc5 {[%emt 0:03:22]} 13. Bc2 {[%emt 0:00:18]} Re8 {[%emt 0:00:14]} 14. Ng3 {[%emt 0:04:35]} Bf8 {[%emt 0:01:00]} 15. b4 {[%emt 0:06:57]} Ncd7 {[%emt 0:01:25]} 16. d4 {[%emt 0:10:10]} a5 {[%emt 0:06:10]} 17. Bb2 {[%emt 0:03:54]} Nb6 {[%emt 0:06:32]} 18. bxa5 {[%emt 0:07:51]} Nc4 {[%emt 0:00:34]} 19. Bc1 {[%emt 0:00:09]} Rxa5 {[%emt 0:00:24]} 20. dxe5 {[%emt 0:08:43]} dxe5 {[%emt 0:04:04]} 21. Qxd8 {[%emt 0:01:20]} Rxd8 {[%emt 0:00:09]} 22. Bb3 {[%emt 0:00:27]} Rd3 {[%emt 0:08:09]} 23. Rb1 {[%emt 0:04:53]} Ba8 {[%emt 0:10:07]} 24. Bxc4 {[%emt 0:11:50]} bxc4 {[%emt 0:00:02]} 25. a3 {[%emt 0:06:27]} Nd7 {[%emt 0:01:08]} 26. Nf5 {[%emt 0:06:32]} f6 {[%emt 0:01:18]} 27. Ne3 {[%emt 0:00:35]} Ra4 {[%emt 0:03:00]} 28. Nd1 {[%emt 0:03:25]} Ra6 {[%emt 0:02:25]} 29. Nd2 {[%emt 0:01:20]} Rad6 {[%emt 0:06:12]} 30. Re2 {[%emt 0:02:52]} Nb6 {[%emt 0:01:09]} 31. Rb2 {[%emt 0:02:58]} Bc6 {[%emt 0:00:43]} 32. Ne3 {[%emt 0:02:45]} Rd8 {[%emt 0:06:05]} 33. Nb1 {[%emt 0:03:53]} Rd1+ {[%emt 0:00:39]} 34. Nxd1 {[%emt 0:00:01]} Rxd1+ {[%emt 0:00:08]} 35. Kh2 {[%emt 0:00:02]} Rxc1 {[%emt 0:00:05]} 36. f3 {[%emt 0:00:33]} Ba4 {[%emt 0:00:35]} 37. Kg3 {[%emt 0:02:23]} Bb3 {[%emt 0:00:19]} 38. Nd2 {[%emt 0:00:07]} Rxc3 {[%emt 0:00:05]} 0-1

[Event "Mitropa Cup Open 2019"]
[Site "Radenci"]
[Date "2019.05.30"]
[Round "4.9"]
[White "Dragnev, Valentin"]
[Black "Gazik, Viktor"]
[Result "1-0"]
[WhiteElo "2521"]
[BlackElo "2520"]
[Annotator "RC"]
[PlyCount "61"]
[EventDate "2019.05.27"]
[EventType "team-tourn"]
[EventCountry "SLO"]
[SourceTitle "playchess.com"]
[Source "ChessBase"]
[SourceQuality "1"]
[WhiteTeam "Austria"]
[BlackTeam "Slovakia"]
[WhiteTeamCountry "AUT"]
[BlackTeamCountry "SVK"]
[TimeControl "40/5400+30:1800+30"]

1. d4 {[%emt 0:00:00]} Nf6 {[%emt 0:00:00]} 2. c4 {[%emt 0:00:00]} e6 {[%emt 0:00:00]} 3. Nf3 {[%emt 0:00:02]} Bb4+ {[%emt 0:00:02]} 4. Bd2 {[%emt 0:00:36]} a5 {[%emt 0:00:05]} 5. g3 {[%emt 0:00:24]} d6 {[%emt 0:06:01]} 6. Bg2 {[%emt 0:00:46]} Nbd7 {[%emt 0:03:00]} 7. O-O {[%emt 0:00:56]} e5 {[%emt 0:01:07]} 8. dxe5 {[%emt 0:00:12]} dxe5 {[%emt 0:03:22]} 9. Nc3 {[%emt 0:01:33]} c6 {[%emt 0:12:16]} 10. Qc2 {[%emt 0:00:50]} O-O {[%emt 0:03:04]} 11. a3 {[%emt 0:00:21]} Be7 {[%emt 0:09:01]} 12. Rfd1 {[%emt 0:01:08]} Qc7 {[%emt 0:01:35]} 13. Na4 {[%emt 0:02:15]} b6 {[%emt 0:04:33]} 14. Be3 {[%emt 0:01:59]} Re8 {[%emt 0:08:26]} 15. h3 {[%emt 0:22:35]} Rb8 {[%emt 0:10:57]} 16. Rd2 {[%emt 0:01:05]} Nc5 {[%emt 0:06:36]} 17. Nxc5 {[%emt 0:34:23]} Bxc5 {[%emt 0:00:21]} 18. Bxc5 {[%emt 0:00:58]} bxc5 {[%emt 0:00:10]} 19. Ng5 {[%emt 0:00:31]} g6 {[%emt 0:15:04]} 20. Ne4 {[%emt 0:10:53]} Nxe4 {[%emt 0:00:07]} 21. Qxe4 {[%emt 0:00:06]} Be6 {[%emt 0:06:34]} 22. Rad1 {[%emt 0:01:05]} Rb6 {[%emt 0:01:04]} 23. Qe3 {[%emt 0:03:22]} Bxc4 {[%emt 0:03:35]} 24. Qxc5 {[%emt 0:01:28]} Bb3 {[%emt 0:00:04]} 25. Rc1 {[%emt 0:02:56]} a4 {[%emt 0:01:31]} 26. Bxc6 {[%emt 0:04:11]} Rc8 {[%emt 0:01:52]} 27. Rd6 {[%emt 0:00:18]} e4 {[%emt 0:00:56]} 28. Qd4 {[%emt 0:02:47]} e3 {[%emt 0:01:18]} 29. fxe3 {[%emt 0:02:09]} Qe7 {[%emt 0:01:10]} 30. Kf2 {[%emt 0:01:48]} Ra6 {[%emt 0:00:16]} 31. Bxa4 {[%emt 0:02:37]} 1-0

[Event "Mitropa Cup Open 2019"]
[Site "Radenci"]
[Date "2019.05.30"]
[Round "4.10"]
[White "Repka, Christopher"]
[Black "Blohberger, Felix"]
[Result "1/2-1/2"]
[WhiteElo "2482"]
[BlackElo "2475"]
[Annotator "ChessBase"]
[PlyCount "61"]
[EventDate "2019.05.27"]
[EventType "team-tourn"]
[EventCountry "SLO"]
[SourceTitle "playchess.com"]
[Source "ChessBase"]
[SourceQuality "1"]
[WhiteTeam "Slovakia"]
[BlackTeam "Austria"]
[WhiteTeamCountry "SVK"]
[BlackTeamCountry "AUT"]
[TimeControl "40/5400+30:1800+30"]

1. d4 {[%emt 0:01:52]} Nf6 {[%emt 0:00:00]} 2. Bf4 {[%emt 0:00:05]} d5 {[%emt 0:00:13]} 3. e3 {[%emt 0:00:28]} c5 {[%emt 0:00:06]} 4. c3 {[%emt 0:00:04]} Nc6 {[%emt 0:00:18]} 5. Nd2 {[%emt 0:00:18]} e6 {[%emt 0:00:29]} 6. Nh3 {[%emt 0:00:24]} Bd6 {[%emt 0:06:58]} 7. Bxd6 {[%emt 0:00:49]} Qxd6 {[%emt 0:00:09]} 8. f4 {[%emt 0:00:03]} Ne7 {[%emt 0:06:27]} 9. Bd3 {[%emt 0:01:42]} Qb6 {[%emt 0:04:40]} 10. Rb1 {[%emt 0:04:56]} Bd7 {[%emt 0:01:50]} 11. Qe2 {[%emt 0:02:56]} a6 {[%emt 0:05:50]} 12. Nf2 {[%emt 0:05:42]} O-O {[%emt 0:10:52]} 13. O-O {[%emt 0:06:28]} Bb5 {[%emt 0:02:07]} 14. dxc5 {[%emt 0:01:02]} Qxc5 {[%emt 0:00:09]} 15. Bxb5 {[%emt 0:00:04]} Qxb5 {[%emt 0:06:48]} 16. Qxb5 {[%emt 0:00:07]} axb5 {[%emt 0:00:04]} 17. a3 {[%emt 0:00:07]} Nf5 {[%emt 0:00:26]} 18. Rfe1 {[%emt 0:01:00]} Nd6 {[%emt 0:00:36]} 19. e4 {[%emt 0:01:30]} dxe4 {[%emt 0:15:24]} 20. Ndxe4 {[%emt 0:00:05]} Nfxe4 {[%emt 0:02:17]} 21. Nxe4 {[%emt 0:00:04]} Nc4 {[%emt 0:00:11]} 22. Nc5 {[%emt 0:00:31]} b6 {[%emt 0:01:12]} 23. Nb3 {[%emt 0:00:14]} Rfd8 {[%emt 0:00:28]} 24. Nd4 {[%emt 0:00:46]} Rd5 {[%emt 0:00:14]} 25. Re2 {[%emt 0:01:27]} h6 {[%emt 0:06:37]} 26. Rbe1 {[%emt 0:04:31]} Rad8 {[%emt 0:07:17]} 27. f5 {[%emt 0:01:32]} e5 {[%emt 0:02:14]} 28. Nc6 {[%emt 0:00:04]} Re8 {[%emt 0:01:01]} 29. b3 {[%emt 0:01:17]} Na5 {[%emt 0:01:11]} 30. Nxe5 {[%emt 0:03:42]} Nxb3 {[%emt 0:00:47]} 31. g4 {[%emt 0:03:08]} 1/2-1/2

[Event "Mitropa Cup Open 2019"]
[Site "Radenci"]
[Date "2019.05.30"]
[Round "4.11"]
[White "Mesaros, Florian"]
[Black "Pechac, Jergus"]
[Result "0-1"]
[WhiteElo "2439"]
[BlackElo "2461"]
[Annotator "ChessBase"]
[PlyCount "62"]
[EventDate "2019.05.27"]
[EventType "team-tourn"]
[EventCountry "SLO"]
[SourceTitle "playchess.com"]
[Source "ChessBase"]
[SourceQuality "1"]
[WhiteTeam "Austria"]
[BlackTeam "Slovakia"]
[WhiteTeamCountry "AUT"]
[BlackTeamCountry "SVK"]
[TimeControl "40/5400+30:1800+30"]

1. d4 {[%emt 0:00:00]} d5 {[%emt 0:01:58]} 2. c4 {[%emt 0:00:00]} c6 {[%emt 0:00:07]} 3. Nf3 {[%emt 0:00:13]} Nf6 {[%emt 0:00:10]} 4. e3 {[%emt 0:00:08]} Bf5 {[%emt 0:00:07]} 5. Nc3 {[%emt 0:00:40]} a6 {[%emt 0:00:07]} 6. Bd2 {[%emt 0:08:32]} e6 {[%emt 0:00:21]} 7. Nh4 {[%emt 0:02:03]} Bg4 {[%emt 0:00:35]} 8. f3 {[%emt 0:03:11]} Bh5 {[%emt 0:00:51]} 9. cxd5 {[%emt 0:08:06]} Nxd5 {[%emt 0:02:09]} 10. g3 {[%emt 0:00:53]} c5 {[%emt 0:01:25]} 11. e4 {[%emt 0:14:02]} Nxc3 {[%emt 0:09:52]} 12. Bxc3 {[%emt 0:01:28]} Be7 {[%emt 0:01:01]} 13. Be2 {[%emt 0:16:48]} Bxh4 {[%emt 0:01:52]} 14. gxh4 {[%emt 0:00:02]} Nc6 {[%emt 0:10:29]} 15. dxc5 {[%emt 0:03:29]} Qxh4+ {[%emt 0:00:19]} 16. Kf1 {[%emt 0:00:07]} Rd8 {[%emt 0:00:19]} 17. Qe1 {[%emt 0:03:26]} Qh3+ {[%emt 0:01:32]} 18. Kf2 {[%emt 0:00:17]} f5 {[%emt 0:01:27]} 19. exf5 {[%emt 0:15:31]} Rf8 {[%emt 0:16:13]} 20. f6 {[%emt 0:02:19]} Nd4 {[%emt 0:09:44]} 21. Rd1 {[%emt 0:06:22]} Bxf3 {[%emt 0:13:04]} 22. Bxd4 {[%emt 0:05:05]} Bc6 {[%emt 0:02:13]} 23. Bc3 {[%emt 0:03:09]} Qg2+ {[%emt 0:08:39]} 24. Ke3 {[%emt 0:00:01]} Qg5+ {[%emt 0:11:45]} 25. Kf2 {[%emt 0:00:03]} Qxc5+ {[%emt 0:01:02]} 26. Kg3 {[%emt 0:02:51]} Qe3+ {[%emt 0:00:45]} 27. Kh4 {[%emt 0:00:31]} g5+ {[%emt 0:00:14]} 28. Kh5 {[%emt 0:00:14]} Qh3+ {[%emt 0:00:11]} 29. Kxg5 {[%emt 0:00:13]} Rg8+ {[%emt 0:00:10]} 30. Kf4 {[%emt 0:00:02]} Qh6+ {[%emt 0:00:11]} 31. Ke5 {[%emt 0:00:15]} Qe3# {[%emt 0:00:15] Kd4} 0-1

[Event "Mitropa Cup Open 2019"]
[Site "Radenci"]
[Date "2019.05.30"]
[Round "4.12"]
[White "Sahidi, Samir"]
[Black "Horvath, Dominik"]
[Result "0-1"]
[WhiteElo "2400"]
[BlackElo "2406"]
[Annotator "ChessBase"]
[PlyCount "126"]
[EventDate "2019.05.27"]
[EventType "team-tourn"]
[EventCountry "SLO"]
[SourceTitle "playchess.com"]
[Source "ChessBase"]
[SourceQuality "1"]
[WhiteTeam "Slovakia"]
[BlackTeam "Austria"]
[WhiteTeamCountry "SVK"]
[BlackTeamCountry "AUT"]
[TimeControl "40/5400+30:1800+30"]

1. d4 {[%emt 0:00:00]} Nf6 {[%emt 0:00:00]} 2. Nf3 {[%emt 0:00:05]} d5 {[%emt 0:00:01]} 3. c4 {[%emt 0:00:29]} e6 {[%emt 0:00:05]} 4. Nc3 {[%emt 0:01:00]} Bb4 {[%emt 0:00:31]} 5. e3 {[%emt 0:03:28]} O-O {[%emt 0:04:28]} 6. Qc2 {[%emt 0:04:23]} c5 {[%emt 0:06:15]} 7. dxc5 {[%emt 0:02:55]} Nbd7 {[%emt 0:13:43]} 8. Bd2 {[%emt 0:15:51]} Nxc5 {[%emt 0:02:40]} 9. a3 {[%emt 0:01:32]} Bxc3 {[%emt 0:00:58]} 10. Bxc3 {[%emt 0:00:23]} Nce4 {[%emt 0:14:29]} 11. Bd3 {[%emt 0:02:25]} Nxc3 {[%emt 0:01:17]} 12. Qxc3 {[%emt 0:00:07]} dxc4 {[%emt 0:04:35]} 13. Bxc4 {[%emt 0:01:38]} b6 {[%emt 0:00:53]} 14. O-O {[%emt 0:02:22]} Bb7 {[%emt 0:00:45]} 15. Rfd1 {[%emt 0:05:32]} Qc7 {[%emt 0:03:20]} 16. Nd4 {[%emt 0:04:59]} Ng4 {[%emt 0:03:04]} 17. g3 {[%emt 0:00:39]} Qe5 {[%emt 0:04:02]} 18. Be2 {[%emt 0:02:23]} Rac8 {[%emt 0:03:57]} 19. Qd2 {[%emt 0:01:37]} Qh5 {[%emt 0:01:07]} 20. h4 {[%emt 0:02:37]} Qg6 {[%emt 0:01:18]} 21. Rac1 {[%emt 0:01:32]} Rcd8 {[%emt 0:07:13]} 22. Qc2 {[%emt 0:09:25]} Be4 {[%emt 0:01:14]} 23. Qc7 {[%emt 0:00:17]} h5 {[%emt 0:08:09]} 24. a4 {[%emt 0:16:04]} e5 {[%emt 0:06:39]} 25. Nc6 {[%emt 0:00:42]} Rxd1+ {[%emt 0:01:14]} 26. Bxd1 {[%emt 0:00:07]} Qe6 {[%emt 0:03:01]} 27. Qe7 {[%emt 0:02:55]} Qf5 {[%emt 0:01:47]} 28. f3 {[%emt 0:05:55]} Bxc6 {[%emt 0:01:59]} 29. Rxc6 {[%emt 0:00:32]} Nxe3 {[%emt 0:00:22]} 30. Be2 {[%emt 0:00:23]} Nc2 {[%emt 0:00:16]} 31. Kf2 {[%emt 0:01:13]} Nd4 {[%emt 0:00:02]} 32. Rc3 {[%emt 0:00:49]} Nxe2 {[%emt 0:01:50]} 33. Kxe2 {[%emt 0:00:05]} Qb1 {[%emt 0:00:08]} 34. Qxe5 {[%emt 0:01:09]} Qxb2+ {[%emt 0:00:24]} 35. Ke3 {[%emt 0:00:24]} Rd8 {[%emt 0:00:30]} 36. Kf4 {[%emt 0:02:26]} Qb4+ {[%emt 0:00:59]} 37. Kf5 {[%emt 0:00:48]} Qxa4 {[%emt 0:01:10]} 38. Rc7 {[%emt 0:01:13]} Qd1 {[%emt 0:00:37]} 39. Qe3 {[%emt 0:01:20]} Qd6 {[%emt 0:00:54]} 40. Qe7 {[%emt 0:00:00]} Qg6+ {[%emt 0:00:00]} 41. Kf4 {[%emt 0:01:10]} Rd6 {[%emt 0:02:36]} 42. Qg5 {[%emt 0:01:50]} Rd4+ {[%emt 0:01:56]} 43. Ke3 {[%emt 0:00:22]} Qd3+ {[%emt 0:00:22]} 44. Kf2 {[%emt 0:00:06]} Qd2+ {[%emt 0:00:25]} 45. Qxd2 {[%emt 0:00:29]} Rxd2+ {[%emt 0:00:04]} 46. Ke3 {[%emt 0:00:24]} Ra2 {[%emt 0:00:12]} 47. Rc8+ {[%emt 0:01:07]} Kh7 {[%emt 0:00:06]} 48. Rc7 {[%emt 0:00:06]} f6 {[%emt 0:00:37]} 49. Rb7 {[%emt 0:00:54]} Kg6 {[%emt 0:00:40]} 50. g4 {[%emt 0:05:22]} hxg4 {[%emt 0:01:03]} 51. fxg4 {[%emt 0:00:16]} Ra5 {[%emt 0:01:07]} 52. Kf4 {[%emt 0:00:37]} b5 {[%emt 0:00:45]} 53. h5+ {[%emt 0:00:18]} Kh6 {[%emt 0:00:12]} 54. Rb8 {[%emt 0:00:15]} Kh7 {[%emt 0:00:05]} 55. Kf5 {[%emt 0:00:47]} a6 {[%emt 0:02:13]} 56. Ke6 {[%emt 0:01:08]} Ra4 {[%emt 0:00:12]} 57. Kf5 {[%emt 0:00:23]} b4 {[%emt 0:01:00]} 58. Ke6 {[%emt 0:00:46]} a5 {[%emt 0:00:09]} 59. Kf7 {[%emt 0:00:26]} b3 {[%emt 0:00:06]} 60. Rxb3 {[%emt 0:00:49]} Rxg4 {[%emt 0:00:09]} 61. Rb8 {[%emt 0:00:53]} Rb4 {[%emt 0:01:32]} 62. Ra8 {[%emt 0:00:23]} Rb7+ {[%emt 0:00:08]} 63. Ke6 {[%emt 0:00:09]} Rb5 {[%emt 0:00:12]} 0-1